000 00702nam a22002417a 4500
003 OSt
005 20260530115316.0
008 260506b1999 enka|||| |||| 00| 0 eng d
020 _a0823027759
040 _aICI
_bspa
_cICI
050 4 _aTK4175
_bN54 1999
082 0 0 _221
_a747/.92
100 1 _aNiesewand, Nonie,
_eautor
_933749
245 1 0 _aLighting /
_cNonie Niesewand
250 _aNew ed.
260 _aNew York :
_bWhitney Library of Design,
_cc1999
300 _a175 páginas
_c29cm.
500 _a Incluye indice
650 0 _aAlumbrado eléctrico
_933750
650 0 _a Alumbrado arquitectónico y decorativo
_933751
650 0 _aDecoración de interiores
_96140
942 _2lcc
_cBK
_n0
999 _c13605
_d13605